=LDR 00000nam 2200000 4500 =001 INLIS000000000032736 =005 20130612134730 =008 ***********************************ind** =035 ##$$0010-061300000032736 =041 ##$$a ind =082 ##$$a 658.31125 =090 ##$$a 658.31125, Soa s =245 ##$$a Soal-Soal Pegawai, Penyunting,Widyawati Oktavia =260 ##$$a 2009 $b Jakarta =300 ##$$a x,318 hlm, 23 cm =650 ##$$a Psikotes =700 ##$$a Oktavia, Widyawati =850 ##$$a NBPNMAT